Mildly Badly Drawn Countries Drawn From Memory #3 - Statistics

General Stats
  • This quiz has been taken 16 times
  • The average score is 14 of 16
Answer Stats
Picture Answer % Correct
Angola
100%
Brazil
100%
Chile
100%
China
100%
Germany
100%
Greece
100%
Indonesia
100%
Somalia
100%
Mauritania
94%
Thailand
94%
Chad
81%
Netherlands
81%
Pakistan
81%
Sweden
75%
Guinea
56%
Romania
44%
No matching quizzes found
Score Distribution
Percent of People with Each Score
Percentile by Number Answered
Your Score History
You have not taken this quiz